Not Allowed - TV Girl Lyrics - Statistics

General Stats
  • This quiz has been taken 430 times
  • The average score is 325 of 459
Answer Stats
Answer % Correct
you
97%
You
97%
all
95%
All
95%
I
95%
not
95%
We
94%
we
94%
your
94%
but
93%
But
93%
when
93%
When
93%
allowed
92%
we're
92%
were
92%
about
91%
it
90%
Now
90%
now
90%
Now,
90%
talk
90%
be
89%
sex
89%
wanna
88%
how
87%
How
87%
it's
86%
suck
84%
turn
84%
an
83%
may
82%
to
82%
and
81%
And
81%
better
81%
Do
81%
do
81%
like
81%
'Cause
80%
'cause
80%
he
80%
learn
77%
in
76%
the
76%
So
75%
don't
74%
was
74%
Well,
74%
mind?
73%
mind
73%
with
71%
With
71%
did
70%
Did
70%
me
70%
you're
69%
You're
69%
by
68%
him
68%
that
68%
know
67%
make
67%
ever
66%
guess
66%
wish
66%
cry?
65%
for
65%
on
65%
picture
65%
should
65%
cum?
63%
stare
63%
long
62%
any
61%
fuck
61%
never
61%
started
60%
get
59%
Get
59%
out
59%
this
59%
yeah,
59%
into
58%
love
58%
together
58%
wires
58%
excuses
57%
I'm
57%
took
57%
begin
56%
friends,
56%
head
56%
hope
56%
lies
56%
my
56%
still
56%
hear
55%
lame
55%
rhythm?
55%
wasting
55%
alone
54%
could
54%
dance
54%
got
54%
heat
54%
Who
54%
who
54%
different
53%
even
53%
he's
53%
playing
53%
sittin'
53%
twisted
52%
imagination
51%
just
51%
old
51%
Sick
51%
what's
51%
nasty
50%
Rubbed
50%
something
50%
yourself,
50%
count
49%
gotta
48%
sewn
48%
that's
47%
us
47%
at
46%
ground
46%
hit
46%
little
46%
mouth
46%
poets
46%
severed
46%
around
45%
I've
44%
jackets
44%
them
44%
finger
43%
leather
43%
sound
43%
wrote
43%
can't
42%
horny
42%
of
42%
tongue
42%
between
41%
careful
41%
thighs
40%
being
39%
forehead
39%
honest
39%
interactive
39%
off
39%
only
39%
say
39%
screw
39%
sweat
39%
these
39%
sonnets?
38%
they
38%
doorstep
37%
Licking
37%
sour
37%
wait
37%
down
36%
you'd
36%
anything
35%
intend
34%
quickly
34%
write
34%
starting
33%
suspect
33%
standing
32%
Swear
32%
face
29%
call
27%
Boy,
25%
dreamt
23%
No matching quizzes found
Score Distribution
Percent of People with Each Score
Percentile by Number Answered
Your Score History
You have not taken this quiz